LIBRARY & INFORMATION CENTRE, KCAET, TAVANUR

ONLINE PUBLIC ACCESS CATALOGUE (OPAC)

Olayum narayavum / (Record no. 12144)

MARC details
000 -LEADER
fixed length control field 00474cam a2200181ua 4500
041 ## - LANGUAGE CODE
Language code of text/sound track or separate title mal
082 ## - DEWEY DECIMAL CLASSIFICATION NUMBER
Classification number 894.812301
Item number NEE/OL
100 ## - MAIN ENTRY--AUTHOR NAME
Personal name Neelakanda Pillai, Karoor.
245 ## - TITLE STATEMENT
Title Olayum narayavum /
250 ## - EDITION STATEMENT
Edition statement 1 /
260 ## - PUBLICATION, DISTRIBUTION, ETC. (IMPRINT)
Place of publication Kottayam :
Name of publisher Sahitya Pravarthaka Co-operative Society ,
Year of publication 1966.
300 ## - PHYSICAL DESCRIPTION
Number of Pages 42 ; .
942 ## - ADDED ENTRY ELEMENTS (KOHA)
Koha item type Books
Holdings
Withdrawn status Lost status Damaged status Home library Current library Date acquired Full call number Accession Number Koha item type Public note
Withdrawn     Central Prison Tavanur KAUAET 07/04/2012 894.812301 9459( I) Books Deleted
free website counter